000 00811nam a2200265 i 4500
001 bg
100 1 _aSKALMIERSKI, Bogdan
_d(1930- )
245 1 0 _aMechanika. /
_cBogdan Skalmierski ; Politechnika Częstochowska
_n3],Mechanika analityczna i teoria drgań.
260 _aCzęstochowa :
_bWydaw. PC,
_c2001.
300 _a336 s. :
_bil. ;
_c24 cm.
504 _aBibliogr. Indeks.
650 9 _aDrgania
_xteoria
650 9 _aMechanika analityczna
655 _aPodręczniki akademickie
710 0 _aPolitechnika Częstochowska
020 _a8371930577 (t. 3)
020 _a8371930542 (całość)
040 _cBPK
041 0 _apl
080 _a531/534(075.8)
920 _a83-7193-057-7 (t. 3)
920 _a83-7193-054-2 (całość)
942 _cKS
008 s pl f |000 0 pol
999 _c42181
_d42181
856 _uhttp://koha.tu.koszalin.pl/cgi-bin/koha/opac-detail.pl?biblionumber=42181
_yKatalog online BPK